000 00281nam a2200121Ia 4500
008 190216s9999||||xx |||||||||||||| ||und||
100 _aOsho
245 0 _aHindi-Pandith Purohith Aur Ramnetha
260 _bFull Circle Publishers
300 _a143
650 _aHindi
942 _cBK
999 _c16236
_d16236